000 01201nam a22002897i 4500
003 URS
005 20251120161606.0
008 200302b ||||| |||| 00| 0 eng d
040 _cURS
050 0 0 _aLG 221. R59
_b.C687 2015
100 1 _aCollentes, Trinidad Nervar
_eResearcher
245 1 0 _aKabatiran sa matatalinhagang pahayag ng mga mag-aaral sa ikasiyam na baitang/
_cCollentes, Trinidad Nervar, Noga, Lorezel Domino [and] Salabo, Mary Lyn Batoon
260 1 _c2015
300 _axii, 60 leaves:
_billustrations,
_c28 cm.
336 _2rdacontent
_atext
337 _2rdamedia
_aunmediated
338 _2rdacarrier
_avolume
502 _aUndergraduate Study Thesis
_bBatsilyer ng Edukasyong Pansekondarya Medyor sa Filipino
_cUniversity of Rizal System
_d2015
520 _aLayunin ng pag-aaral na ito na makuha ang antas mg kabatiran sa matatalinhagang pahayag gamit ang interpretasyon.
650 1 0 _aAgriculture--Asia--Awards.
650 1 0 _aFarmers--Asia--Biography.
700 _aCollentes, Trinidad Nervar
_eResearcher
700 _aSalabo, Mary Lyn Batoon
_eResearcher
700 _aNoga, Lorezel Domino
_eResearcher
700 _aAdolfo, Maria Riza A.
_eAdviser
942 _2lcc
_cT
999 _c11235
_d11235